<?xml version="1.0" encoding="UTF-8"?><?xml-stylesheet type="text/xsl" href="static/style.xsl"?><OAI-PMH xmlns="http://www.openarchives.org/OAI/2.0/" xmlns:xsi="http://www.w3.org/2001/XMLSchema-instance" xsi:schemaLocation="http://www.openarchives.org/OAI/2.0/ http://www.openarchives.org/OAI/2.0/OAI-PMH.xsd"><responseDate>2026-06-01T09:17:35Z</responseDate><request verb="GetRecord" identifier="oai:riuma.uma.es:10630/38147" metadataPrefix="marc">https://riuma.uma.es/rest/oai/request</request><GetRecord><record><header><identifier>oai:riuma.uma.es:10630/38147</identifier><datestamp>2026-02-03T12:46:36Z</datestamp><setSpec>com_10630_2254</setSpec><setSpec>col_10630_37957</setSpec></header><metadata><record xmlns="http://www.loc.gov/MARC21/slim" xmlns:dcterms="http://purl.org/dc/terms/" xmlns:doc="http://www.lyncode.com/xoai" xmlns:xsi="http://www.w3.org/2001/XMLSchema-instance" xsi:schemaLocation="http://www.loc.gov/MARC21/slim http://www.loc.gov/standards/marcxml/schema/MARC21slim.xsd">
   <leader>00925njm 22002777a 4500</leader>
   <datafield ind2=" " ind1=" " tag="042">
      <subfield code="a">dc</subfield>
   </datafield>
   <datafield ind2=" " ind1=" " tag="720">
      <subfield code="a">Carrillo Rodríguez, Blue</subfield>
      <subfield code="e">author</subfield>
   </datafield>
   <datafield ind2=" " ind1=" " tag="260">
      <subfield code="c">2025</subfield>
   </datafield>
   <datafield ind2=" " ind1=" " tag="520">
      <subfield code="a">La tesis "El culto heroico y la tragedia griega de época clásica. Estudio de la saga tebana" de Blue Carrillo Rodríguez hace un estudio sobre el culto heroico y los testimonios que se encuentran de éste en la tragedia griega, más concretamente en las obras sobre la saga tebana acerca de Edipo y sus hijos. La tesis se divide en cuatro capítulos:&#xd;
- Capítulo 1. Estado de la cuestión sobre el héroe y el culto heroico en la Grecia antigua: en este capítulo se hace un estudio del concepto de héroe y culto heroico, sus tipos, características y orígenes.&#xd;
- Capítulo 2. Heroización y culto heroico en Edipo en Colono de Sófocles: estudia el culto heroico de Edipo en Sófocles, analizando el proceso de heroización, las características de su culto, el contexto histórico en que estaba inmersa la obra, así como las diferentes tradiciones sobre la muerte, tumba y culto a Edipo, a fin de dilucidar si pudo existir un culto real del tebano.&#xd;
- Capítulo 3. El culto heroico y la guerra de los Siete contra Tebas: hace un análisis de las tradiciones literarias y arqueológicas acerca de la recuperación de los cadáveres, funerales y culto de los Siete en la literatura, con especial atención a Los Siete contra Tebas y Eleusinos de Esquilo, así como Suplicantes de Eurípides.&#xd;
- Capítulo 4. El culto heroico de los poetas trágicos: analiza las historias sobre la muerte, tumbas y culto de los propios poetas Esquilo, Sófocles y Eurípides.</subfield>
   </datafield>
   <datafield ind1="8" ind2=" " tag="024">
      <subfield code="a">https://hdl.handle.net/10630/38147</subfield>
   </datafield>
   <datafield tag="653" ind2=" " ind1=" ">
      <subfield code="a">Literatura griega - Historia y crítica - Tesis doctorales</subfield>
   </datafield>
   <datafield tag="653" ind2=" " ind1=" ">
      <subfield code="a">Edipo (Personaje mitológico)</subfield>
   </datafield>
   <datafield ind2="0" ind1="0" tag="245">
      <subfield code="a">El culto heroico y la tragedia griega de época clásica. Estudio de la saga tebana.</subfield>
   </datafield>
</record>
</metadata></record></GetRecord></OAI-PMH>